书目信息 |
| 题名: |
人与超人
|
|
| 作者: | 萧伯纳 著 ;李斯 译 | |
| 分册: | ||
| 出版信息: | 长春 时代文艺出版社 2010 |
|
| 页数: | 188页 | |
| 开本: | 25cm | |
| 丛书名: | 诺贝尔文学奖文集 | |
| 单 册: | ||
| 中图分类: | I561.35 | |
| 科图分类: | ||
| 主题词: | 剧本--英国--现代 | |
| 电子资源: | ||
| ISBN: | 978-7-5387-2177-5 | |
| 000 | 00792oam2 2200265 450 | |
| 001 | 339025 | |
| 005 | 20150604151910.50 | |
| 010 | @a978-7-5387-2177-5@dCNY29.80 | |
| 100 | @a20110714d2010 em y0chiy50 ea | |
| 101 | 1 | @achi@ceng |
| 102 | @aCN@b220000 | |
| 105 | @ay z 000by | |
| 106 | @ar | |
| 200 | 1 | @a人与超人@a圣女贞德@Aren yu chao ren@f(英) 肖伯纳(George Bernard Shaw) [著]@g李斯等译 |
| 205 | @a第2版 | |
| 210 | @a长春@c时代文艺出版社@d2010 | |
| 215 | @a188页@d25cm | |
| 225 | 2 | @a诺贝尔文学奖文集 |
| 410 | 0 | @12001 @a诺贝尔文学奖文集 |
| 606 | 0 | @a剧本@y英国@z现代 |
| 690 | @aI561.35@v5 | |
| 701 | 0 | @c(英)@a萧伯纳@Axiao bo na@c(Shaw, George Bernard@f1856 1950)@4著 |
| 702 | 0 | @a李斯@Ali si@c(翻译)@4译 |
| 801 | 0 | @aCN@b卓展宏图@c20150525 |
| 905 | @dI561.35@e558=2@f5 | |
| 人与超人;圣女贞德/(英) 肖伯纳(George Bernard Shaw) [著]/李斯等译.-第2版.-长春:时代文艺出版社,2010 |
| 188页;25cm.-(诺贝尔文学奖文集) |
| ISBN 978-7-5387-2177-5:CNY29.80 |
| ● |
| 相关链接 |
|
|
|
|
正题名:人与超人
索取号:I561.35/558=2
 
预约/预借
| 序号 | 登录号 | 条形码 | 馆藏地/架位号 | 状态 | 备注 |
| 1 | 858996 | 208589963 | 第一样本阅览室/ [索取号:I561.35/558=2] | 在馆 | |
| 2 | 858997 | 208589972 | 第二借阅区/ [索取号:I561.35/558=2] | 在馆 | |
| 3 | 858998 | 208589981 | 第二借阅区/ [索取号:I561.35/558=2] | 在馆 | |
| 4 | 858999 | 208589990 | 教育系资料室/ [索取号:I561.35/558=2] | 在馆 | |
| 5 | 859000 | 208590005 | 教育系资料室/ [索取号:I561.35/558=2] | 在馆 |